| 000 | 00000nam##2200000za#4500 |
| 001 | 9.696194 |
| 003 | CaOODSP |
| 005 | 20210624234925 |
| 007 | cr ||||||||||| |
| 008 | 150407|1997||||xxc|||||o f|0| 0 eng|d |
| 040 | |aCaOODSP|beng |
| 043 | |an-cn--- |
| 086 | 1 |aFs23-319/1-1997E-PDF |
| 110 | 1 |aCanada. |bDepartment of Fisheries and Oceans. |bCommunications Directorate. |
| 245 | 10|aRole of the provincial and territorial governments in the oceans sector |h[electronic resource] |
| 260 | |aOttawa - Ontario : |bFisheries and Oceans Canada. |cc1997. |
| 300 | |a48p.|btables |
| 500 | |aThe catalogue number (Fs 23-319/1-1997E) and ISBN (0-662-26196-8) for the print edition have been incorrectly copied in this electronic publication. "This document is a companion-piece to the paper entitled 'The Role of the Federal Government in the Oceans Sector.'"--Page 4 of 48. |
| 520 | 3 |aThis report is being produced to furnish a current account of the involvement of the provincial and territorial governments of Canada in programs and initiatives that affect Canada's oceans directly or indirectly. This document is a companion-piece to the paper entitled The role of the federal government in the oceans sector.--Page 6 of 48. |
| 590 | |a12-21-Supp|b2012-05-18 |
| 690 | 07|aOceans|2gcpds |
| 690 | 07|aProvincial governments|2gcpds |
| 690 | 07|aTerritorial governments|2gcpds |
| 775 | 08|tLe rôle des gouvernements provinciaux et territoriaux dans le secteur des océans |w(CaOODSP)9.640311 |
| 776 | 0#|tRole of the provincial and territorial governments in the oceans sector / |w(CaOODSP)9.646742 |
| 856 | 40|ahttp://publications.gc.ca|qPDF|s517 KB|uhttps://publications.gc.ca/collections/Collection/Fs23-319-1-1997E.pdf |
| 986 | |aDFO/5512 |